| 000 | 006440000a22001930004500 | ||
|---|---|---|---|
| 003 | LK-CoMWRAF | ||
| 008 | 230817t1984 ||||| |||| 00| 0 eng d | ||
| 020 | _a9231021400 | ||
| 040 |
_aLK-CoMWRAF _dLK-CoMWRAF _eLK-CoMWRAF |
||
| 041 | _aeng | ||
| 082 |
_a305.4 _bWOM |
||
| 111 |
_aMULTIDISCIPLINARY RESEARCH ON WOMEN IN THE ARAB WORLD _c(Tunis, _dMay 18-21, 1982) |
||
| 245 | _aSocial Science research and Women in the Arab World | ||
| 260 |
_aLondon: _bFrances, _c1984 |
||
| 300 |
_ax, 175 p. ; 24 cm. _bBibliography included |
||
| 650 | _aWOMEN-Arab countries | ||
| 650 | _aWomen--Arab countries--Social conditions--Congresses. | ||
| 942 | _cCP | ||
| 999 |
_c2396 _d2396 |
||